<The> Last 5 Years in e-Government Services Trust, Acceptation and Implementation
Budovanie dôvery voči verejnej správe a vláde pri zavádzaní elektronických služieb na Slovensku. Faktory, riziká a potenciál na zlepšovanie dôvery voči e-governmentu. Analýza 28 relevantných štúdií. E-government a jeho aplikácia v rozvinutých a rozvíjajúcich sa krajinách. E-zdravie ako súčasť e-služ...
Enregistré dans:
| Auteur principal: | |
|---|---|
| Autres auteurs: | , |
| Format: | Chapitre de livre |
| Langue: | anglais |
| Sujets: | |
| Tags: |
Pas de tags, Soyez le premier à ajouter un tag!
|
MARC
| LEADER | 00000naa$a2200000$$$4500 | ||
|---|---|---|---|
| 001 | 0248031 | ||
| 005 | 20240502083703.5 | ||
| 041 | 0 | |a eng | |
| 044 | |a AT | ||
| 245 | 1 | 0 | |a <The> Last 5 Years in e-Government Services Trust, Acceptation and Implementation |c Roman Lacko, Anna Rozkošová, Zuzana Hajduová |
| 520 | |a Budovanie dôvery voči verejnej správe a vláde pri zavádzaní elektronických služieb na Slovensku. Faktory, riziká a potenciál na zlepšovanie dôvery voči e-governmentu. Analýza 28 relevantných štúdií. E-government a jeho aplikácia v rozvinutých a rozvíjajúcich sa krajinách. E-zdravie ako súčasť e-služieb verejnej správy. | ||
| 610 | 2 | 0 | |a správa verejná elektronická |
| 610 | 2 | 0 | |a služby elektronické |
| 610 | 2 | 0 | |a analýzy |
| 610 | 2 | 0 | |a Slovensko |
| 610 | 2 | 0 | |a správa verejná |
| 610 | 2 | 0 | |a vláda |
| 610 | 2 | 0 | |a zdravotníctvo |
| 610 | 2 | 0 | |a zdravotníctvo verejné |
| 610 | 2 | 0 | |a dôvera |
| 100 | 1 | |a Lacko, Roman, 1988- | |
| 700 | 1 | |a Rozkošová, Anna | |
| 700 | 1 | |a Hajduová, Zuzana, 1974- | |